|
|
|
|
| LEADER |
00000nab a2200000 ar4500 |
| 001 |
vtls010608035 |
| 003 |
SK-MaSNL |
| 005 |
20260303231141.0 |
| 008 |
171109c2014 xo wr|p|||||||000 b|slo |
| 038 |
|
|
|a PPPK
|
| 040 |
|
|
|a PPPKCL
|b slo
|c PPPKCL
|e AACR2
|
| 041 |
0 |
|
|a slo
|
| 044 |
|
|
|a xo
|c SK
|
| 080 |
|
|
|a 32-051
|x (437.6)
|2 2001
|
| 080 |
|
|
|a 2-559
|2 2001
|
| 245 |
0 |
0 |
|a Andrej Kiska sa ujal prezidentského úradu
|c [autor] (red)
|
| 600 |
1 |
7 |
|a Kiska, Andrej,
|d 1963-
|2 pppkcl
|9 116882
|
| 610 |
1 |
7 |
|a Slovensko.
|b Prezident (2014-2019 : Kiska)
|2 pppkcl
|9 56156
|
| 650 |
0 |
7 |
|a prezidenti
|2 pppkcl
|9 4128
|
| 650 |
0 |
7 |
|a inaugurácia
|2 pppkcl
|9 29877
|
| 650 |
0 |
7 |
|a rodáci
|2 snkbucl
|9 30842
|
| 651 |
|
7 |
|a Poprad (Slovensko)
|2 pppkcl
|9 20155
|
| 773 |
0 |
|
|t Podtatranské noviny
|g Roč. LIV, č. 25 (2014), s. 1
|x 1210-2423
|
| 852 |
|
|
|a PPPK
|b KIS3GCP
|
| 999 |
|
|
|c 2265497
|d 2267427
|